=LDR 00000nam 2200000 4500 =001 INLIS000000000045122 =005 20141219145655.0 =006 =007 =008 =035 ##$$0010-121400000000272 =040 ##$$a NBPDMAT =082 ##$$a 507.6 =090 ##$$a 507.6 Wen l =100 ##$$a Wenny =245 ##$$a LKS utama IPa untuk SMP dan MTS kelas 8 semester 2$cWenny; penyunting Susana Priyandari =250 ##$$a Cet. 1 =260 ##$$a Jakarta$bWidya Utama$c2007 =300 ##$$a 88 hlm. : illus. ; 28 cm =650 ##$$a Sain SMP-Soal dan sebagainya =850 ##$$a NBPDMAT